[Event "SVK-chT2D 2425"]
[Site "Slovakia"]
[Date "2024.11.10"]
[Round "2.8"]
[White "Nandrazi, Dominik"]
[Black "Hyros, Samuel"]
[Result "0-1"]
[WhiteElo "1970"]
[BlackElo "1887"]
[PlyCount "80"]
[EventDate "2024.11.09"]
[EventType "team-tourn"]
[EventRounds "11"]
[EventCountry "SVK"]
[SourceTitle "CB51_2024"]
[SourceDate "2024.12.18"]
[SourceVersion "1"]
[SourceVersionDate "2024.12.18"]
[SourceQuality "1"]
[WhiteTeam "Presov Tatran Dason"]
[BlackTeam "Poprad LS VD"]
[WhiteTeamCountry "SVK"]
[BlackTeamCountry "SVK"]

1. d4 d5 2. Nc3 Nf6 3. Bf4 c6 4. e3 Bg4 5. f3 Bf5 6. g4 Bg6 7. h4 h5 8. g5 Nfd7 9. Bd3 Bxd3 10. Qxd3 e6 11. Nge2 Nb6 12. g6 f6 13. e4 N8d7 14. exd5 Nxd5 15. Nxd5 exd5 16. 0-0-0 Qe7 17. Ng3 0-0-0 18. Qf5 Qb4 19. Rhe1 Bd6 20. Re6 Bxf4+ 21. Qxf4 Nf8 22. Re3 Qd6 23. Qxd6 Rxd6 24. Nf5 Re6 25. Rxe6 Nxe6 26. Re1 Kd7 27. Kd2 b6 28. b3 c5 29. dxc5 bxc5 30. Ne3 Nf4 31. Nf5 Nxg6 32. Rg1 Ne5 33. Rxg7+ Ke6 34. Ne3 Nxf3+ 35. Ke2 Nxh4 36. Rxa7 Nf5 37. Ng2 Ke5 38. Kf2 h4 39. Ne1 h3 40. Nf3+ Kf4 0-1

[Event "SVK-chT2D 2324"]
[Site "Slovakia"]
[Date "2024.03.17"]
[Round "11.8"]
[White "Nandrazi, Dominik"]
[Black "Kubica, Peter"]
[Result "1-0"]
[WhiteElo "1839"]
[BlackElo "1806"]
[PlyCount "77"]
[EventDate "2023.10.07"]
[EventType "team-tourn"]
[EventRounds "11"]
[EventCountry "SVK"]
[SourceTitle "EXT 2025"]
[Source "ChessBase"]
[SourceDate "2024.10.14"]
[SourceVersion "1"]
[SourceVersionDate "2024.10.14"]
[SourceQuality "1"]
[WhiteTeam "Presov Tatran Dason"]
[BlackTeam "Poprad LS VD"]
[WhiteTeamCountry "SVK"]
[BlackTeamCountry "SVK"]

1. d4 d5 2. f4 Nf6 3. Nf3 e6 4. e3 Be7 5. Bd3 b6 6. 0-0 0-0 7. Nbd2 Bb7 8. c3 Nbd7 9. Ne5 c5 10. Rf3 Ne4 11. Bxe4 dxe4 12. Rh3 Nxe5 13. fxe5 f5 14. Qh5 h6 15. Qg6 Bg5 16. Qxe6+ Kh7 17. Qc4 Bd5 18. Qe2 Be6 19. Nf1 f4 20. exf4 Bxh3 21. fxg5 Bf5 22. gxh6 gxh6 23. Qh5 Qe8 24. Qxh6+ Kg8 25. Qg5+ Kh7 26. Qh4+ Kg8 27. Bh6 Rf7 28. Ng3 Qd7 29. Nh5 Qe6 30. Nf4 Qd7 31. d5 Qe7 32. Qxe7 Rxe7 33. e6 Ree8 34. Bg5 a5 35. Kf2 Ra7 36. Ke3 Kg7 37. h4 b5 38. g4 Bxg4 39. Kxe4 1-0

[Event "SVK-chT2D 2223"]
[Site "Slovakia"]
[Date "2022.11.12"]
[Round "3.8"]
[White "Nandrazi, Dominik"]
[Black "Smizansky, Jozef"]
[Result "0-1"]
[WhiteElo "1865"]
[BlackElo "1856"]
[PlyCount "90"]
[EventDate "2022.10.08"]
[EventType "team-tourn"]
[EventRounds "11"]
[EventCountry "SVK"]
[SourceTitle "EXT 2024"]
[Source "ChessBase"]
[SourceDate "2023.10.10"]
[SourceVersion "1"]
[SourceVersionDate "2023.10.10"]
[SourceQuality "1"]
[WhiteTeam "Presov Tatran Dason"]
[BlackTeam "Spisska Nova Ves"]
[WhiteTeamCountry "SVK"]
[BlackTeamCountry "SVK"]

1. d4 d5 2. Nc3 Nf6 3. Bg5 Nbd7 4. e3 e6 5. Bd3 Be7 6. Nf3 b6 7. Bxf6 Bxf6 8. e4 dxe4 9. Bxe4 Rb8 10. Qd3 g6 11. h4 Bb7 12. Bxb7 Rxb7 13. Qe4 Qc8 14. h5 Rg8 15. hxg6 hxg6 16. Qc6 Ke7 17. 0-0-0 Nb8 18. Qe4 c6 19. d5 Bxc3 20. d6+ Kd7 21. bxc3 Qe8 22. Rh7 Kc8 23. Ne5 f5 24. Rxb7 Kxb7 25. Qf3 Qc8 26. Rh1 Rg7 27. Rh6 Qf8 28. Qd3 Rd7 29. Rxg6 Rxd6 30. Qg3 Rd5 31. Rg7+ Ka6 32. Nd3 Qa3+ 33. Kd2 Qd6 34. Qh4 f4 35. Qh8 Nd7 36. Qc8+ Ka5 37. a3 e5 38. f3 a6 39. Qg8 Nc5 40. Qh7 Nxd3 41. cxd3 Qxa3 42. c4 Qb2+ 43. Kd1 Qb3+ 44. Kd2 Qxc4 45. Rd7 Qa2+ 0-1

[Event "SVK-chT2D 2122"]
[Site "Slovakia"]
[Date "2021.10.17"]
[Round "2.6"]
[White "Svana, Kamil"]
[Black "Nandrazi, Dominik"]
[Result "1-0"]
[WhiteElo "2010"]
[BlackElo "1853"]
[PlyCount "47"]
[EventDate "2021.10.16"]
[EventType "team-tourn"]
[EventRounds "11"]
[EventCountry "SVK"]
[SourceTitle "EXT 2023"]
[Source "ChessBase"]
[SourceDate "2022.10.05"]
[SourceVersion "1"]
[SourceVersionDate "2022.10.05"]
[SourceQuality "1"]
[WhiteTeam "Spisska Nova Ves"]
[BlackTeam "Presov Tatran Dason"]
[WhiteTeamCountry "SVK"]
[BlackTeamCountry "SVK"]

1. e4 g6 2. d4 d6 3. f4 Bg7 4. c3 Nf6 5. Bd3 Nbd7 6. e5 Nd5 7. h4 dxe5 8. fxe5 c5 9. Nf3 cxd4 10. cxd4 Qa5+ 11. Bd2 Qb6 12. Nc3 Nb4 13. Bc4 Nc6 14. Bxf7+ Kd8 15. Nd5 Qa6 16. Nf4 Nb6 17. Ng5 Bf8 18. Rc1 e6 19. Bxe6 Bxe6 20. Nfxe6+ Kc8 21. Qf3 Nd7 22. Nf7 Rg8 23. d5 Qxa2 24. dxc6 1-0

[Event "Drienica Saris op"]
[Site "Drienica"]
[Date "2020.08.12"]
[Round "6"]
[White "Budjac, Martin"]
[Black "Nandrazi, Dominik"]
[Result "0-1"]
[WhiteElo "1657"]
[BlackElo "1878"]
[PlyCount "114"]
[EventDate "2020.08.07"]
[EventType "swiss"]
[EventRounds "9"]
[EventCountry "SVK"]
[SourceTitle "CBM 197 Extra"]
[Source "ChessBase"]
[SourceDate "2020.09.30"]
[SourceVersion "1"]
[SourceVersionDate "2020.09.30"]
[SourceQuality "1"]

1. d4 c5 2. c4 e6 3. Nf3 Nf6 4. Nc3 cxd4 5. Nxd4 Nc6 6. g3 Bc5 7. Nb3 Be7 8. Bg2 Ne5 9. Nd2 h5 10. h3 h4 11. g4 Qc7 12. b3 Ng6 13. e3 d5 14. Bb2 dxc4 15. Nxc4 Bd7 16. 0-0 Bc6 17. Rc1 Rd8 18. Qe2 Bxg2 19. Kxg2 0-0 20. Qf3 Nh7 21. Ne4 Qb8 22. Rfd1 Rd5 23. Rc2 b5 24. Na5 Qa8 25. Rxd5 exd5 26. Nc3 Bb4 27. Nb7 Bxc3 28. Bxc3 Qxb7 29. Rd2 Rd8 30. Bd4 Ng5 31. Qf5 Ne4 32. Rc2 Qd7 33. Qh5 Nf6 34. Qg5 Rc8 35. Rxc8+ Qxc8 36. Bxf6 gxf6 37. Qxf6 Qe6 38. Qg5 Qe4+ 39. Kg1 Kg7 40. Qd8 Ne5 41. Qg5+ Ng6 42. Qd8 Qf3 43. g5 Qf5 44. Kg2 Ne5 45. Qxd5 Qxg5+ 46. Kf1 Qf5 47. Kg2 Kg6 48. e4 Qg5+ 49. Kf1 Nf3 50. Qc6+ Kh7 51. Qe8 Qg1+ 52. Ke2 Nd4+ 53. Ke3 Nc2+ 54. Kf3 Qd1+ 55. Kf4 Qh5 56. Qd8 Ne1 57. Qd6 Ng2# 0-1

[Event "SVK-chT2D 1920"]
[Site "Slovakia"]
[Date "2019.12.15"]
[Round "6.8"]
[White "Nandrazi, Dominik"]
[Black "Kocisko, Jozef"]
[Result "1/2-1/2"]
[WhiteElo "1863"]
[BlackElo "1685"]
[PlyCount "129"]
[EventDate "2019.10.26"]
[EventType "team-tourn"]
[EventRounds "11"]
[EventCountry "SVK"]
[SourceTitle "CBM 194 Extra"]
[Source "ChessBase"]
[SourceDate "2020.03.31"]
[SourceVersion "1"]
[SourceVersionDate "2020.03.31"]
[SourceQuality "1"]
[WhiteTeam "Presov Tatran Dason"]
[BlackTeam "Bardejov BSK II"]
[WhiteTeamCountry "SVK"]
[BlackTeamCountry "SVK"]

1. d4 Nf6 2. Nf3 d5 3. Bf4 c6 4. e3 Bg4 5. Nbd2 Ne4 6. c4 e6 7. c5 Qa5 8. Be2 Nd7 9. 0-0 Nxd2 10. Nxd2 Bf5 11. a3 Be7 12. b4 Qd8 13. a4 0-0 14. Qb3 Bg5 15. Bd6 Be7 16. Bg3 Bh4 17. b5 Bxg3 18. hxg3 Qc7 19. g4 Bg6 20. f4 f6 21. Rf3 Rae8 22. a5 e5 23. dxe5 fxe5 24. f5 Bf7 25. b6 axb6 26. axb6 Qd8 27. Qc2 e4 28. Rff1 Qg5 29. Qc3 Qe7 30. Ra5 Ra8 31. Rfa1 Rxa5 32. Rxa5 Rb8 33. Nb3 h6 34. Ra7 Kf8 35. g3 Be8 36. Nd4 Bf7 37. Ra5 Qe5 38. Kf2 Qe7 39. Bd1 Qe5 40. Qa3 Qe7 41. Ra8 Qd8 42. Ra7 Qe7 43. Ra5 Ne5 44. Be2 Nd7 45. Ra8 Qd8 46. Rxb8 Qxb8 47. Qa7 Qc8 48. Nb3 Kg8 49. Ba6 bxa6 50. Qc7 Qe8 51. Qxc6 Qe7 52. b7 Nb8 53. Qc8+ Qe8 54. Na5 Kh7 55. c6 Qe5 56. f6 Bg6 57. f7 Qf6+ 58. Kg1 Qa1+ 59. Kh2 Bxf7 60. Qxb8 Qb2+ 61. Kh3 Qb1 62. Kh2 Qc2+ 63. Kh3 Qd1 64. Kh2 Qe2+ 65. Kh3 1/2-1/2

[Event "SVK-chT2D 1516"]
[Site "Slovakia"]
[Date "2015.11.07"]
[Round "3.6"]
[White "Nandrazi, Dominik"]
[Black "Lapka, Peter"]
[Result "0-1"]
[WhiteElo "1856"]
[BlackElo "1963"]
[PlyCount "98"]
[EventDate "2015.10.17"]
[EventType "team-tourn"]
[EventRounds "11"]
[EventCountry "SVK"]
[SourceTitle "CBM 169 Extra"]
[Source "ChessBase"]
[SourceDate "2015.12.18"]
[SourceVersion "1"]
[SourceVersionDate "2015.12.18"]
[SourceQuality "1"]
[WhiteTeam "Presov Tatran Dason"]
[BlackTeam "Kosice Dynamo"]
[WhiteTeamCountry "SVK"]
[BlackTeamCountry "SVK"]

1. Nf3 d5 2. d4 Nf6 3. Bf4 Bf5 4. e3 e6 5. Bd3 Bxd3 6. cxd3 c6 7. Qb3 Qb6 8. Nbd2 Nbd7 9. Qxb6 axb6 10. h3 Be7 11. 0-0 0-0 12. Ne5 Nxe5 13. dxe5 Nd7 14. Nb3 Nc5 15. Nxc5 Bxc5 16. a4 Ra6 17. Ra2 Rfa8 18. Rfa1 b5 19. b3 bxa4 20. bxa4 b5 21. d4 Bb4 22. Rb1 Rxa4 23. Rc2 Ra1 24. Rbc1 Rxc1+ 25. Rxc1 Ra6 26. Kf1 Kf8 27. Rb1 Be7 28. Ke1 Ke8 29. Kd1 Ra2 30. Bg3 Kd7 31. Rb3 h5 32. h4 Kc7 33. Rb1 Kb6 34. Rc1 b4 35. Rc2 Ra1+ 36. Rc1 Rxc1+ 37. Kxc1 Kb5 38. Kd2 Kc4 39. Kc2 Bd8 40. Kc1 b3 41. Kb2 Ba5 42. Bf4 Bc3+ 43. Kb1 Be1 44. Bg3 Kc3 45. Kc1 b2+ 46. Kb1 g6 47. Bf4 Bxf2 48. Bg5 Kd3 49. Kxb2 Bxe3 0-1

[Event "SVK-chT2D 14/15"]
[Site "Slovakia"]
[Date "2014.11.08"]
[Round "3.6"]
[White "Zrost, Rudolf"]
[Black "Nandrazi, Dominik"]
[Result "1/2-1/2"]
[WhiteElo "1966"]
[BlackElo "1803"]
[PlyCount "126"]
[EventDate "2014.10.11"]
[EventType "team-tourn"]
[EventRounds "11"]
[EventCountry "SVK"]
[SourceTitle "EXT 2019"]
[Source "ChessBase"]
[SourceDate "2018.10.10"]
[SourceVersion "1"]
[SourceVersionDate "2018.10.10"]
[SourceQuality "1"]
[WhiteTeam "Spisska Nova Ves"]
[BlackTeam "Presov Tatran Dason"]
[WhiteTeamCountry "SVK"]
[BlackTeamCountry "SVK"]

1. d4 Nf6 2. Nf3 d5 3. c4 c6 4. Nbd2 e6 5. e3 Bb4 6. Bd3 dxc4 7. Bxc4 0-0 8. 0-0 Nbd7 9. a3 Bd6 10. Qc2 Re8 11. Rd1 Qa5 12. b4 Qh5 13. Bb2 e5 14. dxe5 Nxe5 15. Nxe5 Bxe5 16. Bxe5 Qxe5 17. Nf3 Qh5 18. Rd4 Bf5 19. Qb3 Be6 20. Rad1 Bxc4 21. Qxc4 h6 22. h3 Qf5 23. Nh4 Qe6 24. Qd3 Nd5 25. Nf5 Ne7 26. Nd6 Red8 27. Nxb7 Rxd4 28. Qxd4 Nf5 29. Qf4 g5 30. Qc7 Qb3 31. Rd8+ Rxd8 32. Nxd8 Nh4 33. Nxc6 Qb1+ 34. Kh2 Qf1 35. Ne7+ Kg7 36. Qe5+ Kf8 37. Qe4 Qxf2 38. Nd5 Ng6 39. Qf3 Qa2 40. e4 Nh4 41. Qg3 Qb2 42. a4 Qc2 43. Qd6+ Kg8 44. Nf6+ Kg7 45. Ne8+ Kh7 46. Qg3 Qc6 47. Nd6 Qxa4 48. Nxf7 Qa2 49. Nd6 Qd2 50. b5 Nxg2 51. Nc4 Qa2 52. Qc7+ Kh8 53. Qe5+ Kh7 54. Qe7+ Kh8 55. Qf8+ Kh7 56. Qa3 Qxc4 57. Qxa7+ Kg6 58. Qb6+ Kh5 59. Qc6 Qe2 60. Kg3 Nh4 61. Qe8+ Ng6 62. Qe6 Qe3+ 63. Kh2 Qf2+ 1/2-1/2

[Event "SVK-chT2D 14/15"]
[Site "Slovakia"]
[Date "2014.10.12"]
[Round "2.6"]
[White "Nandrazi, Dominik"]
[Black "Cehelsky, Cyril"]
[Result "1/2-1/2"]
[WhiteElo "1803"]
[BlackElo "1860"]
[PlyCount "95"]
[EventDate "2014.10.11"]
[EventType "team-tourn"]
[EventRounds "11"]
[EventCountry "SVK"]
[SourceTitle "EXT 2019"]
[Source "ChessBase"]
[SourceDate "2018.10.10"]
[SourceVersion "1"]
[SourceVersionDate "2018.10.10"]
[SourceQuality "1"]
[WhiteTeam "Presov Tatran Dason"]
[BlackTeam "Humenne Reinter II"]
[WhiteTeamCountry "SVK"]
[BlackTeamCountry "SVK"]

1. d4 Nf6 2. Nf3 c5 3. e3 d6 4. Be2 g6 5. 0-0 Nbd7 6. c4 Bg7 7. Nc3 0-0 8. Bd2 b6 9. Qc2 Bb7 10. d5 e6 11. e4 exd5 12. exd5 a6 13. Bf4 Qc7 14. Rad1 Rfe8 15. Rfe1 Ng4 16. Ne4 Nge5 17. Nxe5 Nxe5 18. b3 Bc8 19. Ng3 Bd7 20. Qd2 b5 21. Bh6 Bh8 22. Qf4 f5 23. h4 Nf7 24. h5 Qd8 25. hxg6 hxg6 26. Qc1 Qf6 27. Bd2 Re7 28. Bd3 Rae8 29. Rxe7 Rxe7 30. Re1 Bg7 31. Rxe7 Qxe7 32. Qe1 Qe5 33. Ne2 b4 34. Nf4 Qxe1+ 35. Bxe1 Ne5 36. Be2 Kf7 37. Nh3 Bh6 38. f4 Ng4 39. Bxg4 fxg4 40. Ng5+ Bxg5 41. fxg5 Bf5 42. Kf2 Bb1 43. a3 bxa3 44. Ke3 Bc2 45. g3 a2 46. Bc3 Bxb3 47. Kd3 Ke7 48. Ba1 1/2-1/2

[Event "SVK-chT2D 1314"]
[Site "Slovakia"]
[Date "2013.10.20"]
[Round "2.8"]
[White "Kostelnik, Peter"]
[Black "Nandrazi, Dominik"]
[Result "1-0"]
[WhiteElo "2002"]
[BlackElo "1800"]
[PlyCount "81"]
[EventDate "2013.10.19"]
[EventType "team-tourn"]
[EventRounds "11"]
[EventCountry "SVK"]
[SourceTitle "EXT 2015"]
[Source "ChessBase"]
[SourceDate "2014.11.20"]
[SourceVersion "1"]
[SourceVersionDate "2014.11.20"]
[SourceQuality "1"]
[WhiteTeam "Kosice Slavia TU IV"]
[BlackTeam "Presov Tatran Dason"]
[WhiteTeamCountry "SVK"]
[BlackTeamCountry "SVK"]

1. d4 Nf6 2. c4 g6 3. Nc3 Bg7 4. e4 d6 5. f3 Nbd7 6. Be3 c5 7. Nge2 Qa5 8. Qd2 a6 9. Nc1 cxd4 10. Bxd4 Qh5 11. g4 Qa5 12. Nb3 Qc7 13. g5 Nh5 14. Nd5 Qd8 15. Bxg7 Nxg7 16. 0-0-0 Nb6 17. Qd4 e5 18. Qxb6 Qxg5+ 19. Kb1 0-0 20. Qxd6 Be6 21. Qb4 b5 22. cxb5 axb5 23. Bxb5 Ra7 24. h4 Qd8 25. Qc5 Qb8 26. Ne7+ Rxe7 27. Qxe7 Qxb5 28. Rd8 Rxd8 29. Qxd8+ Ne8 30. Rc1 Kg7 31. Nc5 Bc4 32. Qe7 Nf6 33. Qxe5 Be2 34. h5 Qc6 35. hxg6 hxg6 36. f4 Qc8 37. f5 Qd8 38. fxg6 Kf8 39. gxf7 Nd7 40. Qh8+ Ke7 41. Qxd8+ 1-0